Т. 3 : Математика; Перспективы развития фундаментальных наук
| Parent link: | Перспективы развития фундаментальных наук=Prospects of Fundamental Sciences Development: сборник научных трудов XVII Международной конференции студентов, аспирантов и молодых ученых, г. Томск, 21-24 апреля 2020 г./ Национальный исследовательский Томский политехнический университет (ТПУ) ; под ред. И. А. Курзиной, Г. А. Вороновой. Т. 3 : Математика.— , 2020 |
|---|---|
| Summary: | Заглавие с титульного экрана Сборник содержит труды участников XVII Международной конференции студентов, аспирантов и молодых учёных «Перспективы развития фундаментальных наук», представленные на секции «Математика». Для студентов, аспирантов, молодых ученых и преподавателей, специализирующихся в области математического моделирования и анализа данных, математических методов в физике, химии, биофизике, биологии, экономике, медицине, психологии, математической логики и приложений, вычислительной математики, а также дифференциальных уравнений. |
| Sprog: | russisk engelsk |
| Udgivet: |
2020
|
| Fag: | |
| Online adgang: | http://earchive.tpu.ru/handle/11683/62522 |
| Format: | MixedMaterials Electronisk Bog |
| KOHA link: | https://koha.lib.tpu.ru/cgi-bin/koha/opac-detail.pl?biblionumber=631270 |
MARC
| LEADER | 00000nam2a2200000 4500 | ||
|---|---|---|---|
| 001 | 631270 | ||
| 005 | 20231102024525.0 | ||
| 035 | |a (RuTPU)RU\TPU\conf\32971 | ||
| 090 | |a 631270 | ||
| 100 | |a 20200811d2020 k y0rusy50 ca | ||
| 101 | 0 | |a rus |a eng | |
| 102 | |a RU | ||
| 105 | |a a z 101zy | ||
| 135 | |a drnn ---uucaa | ||
| 181 | 0 | |a i | |
| 182 | 0 | |a b | |
| 200 | 0 | |a Т. 3 : Математика | |
| 203 | |a Текст |c электронный | ||
| 210 | |d 2020 | ||
| 230 | |a 1 компьютерный файл (pdf; 9,7 MB) | ||
| 300 | |a Заглавие с титульного экрана | ||
| 330 | |a Сборник содержит труды участников XVII Международной конференции студентов, аспирантов и молодых учёных «Перспективы развития фундаментальных наук», представленные на секции «Математика». Для студентов, аспирантов, молодых ученых и преподавателей, специализирующихся в области математического моделирования и анализа данных, математических методов в физике, химии, биофизике, биологии, экономике, медицине, психологии, математической логики и приложений, вычислительной математики, а также дифференциальных уравнений. | ||
| 461 | 1 | |0 (RuTPU)RU\TPU\conf\32968 |t Перспективы развития фундаментальных наук |l Prospects of Fundamental Sciences Development |o сборник научных трудов XVII Международной конференции студентов, аспирантов и молодых ученых, г. Томск, 21-24 апреля 2020 г. |o в 7 т. |f Национальный исследовательский Томский политехнический университет (ТПУ) ; под ред. И. А. Курзиной, Г. А. Вороновой |v Т. 3 : Математика |d 2020 | |
| 606 | |a Фундаментальные науки |2 stltpush |3 (RuTPU)RU\TPU\subj\70346 |9 84659 | ||
| 610 | 1 | |a конференции | |
| 610 | 1 | |a труды учёных ТПУ | |
| 610 | 1 | |a электронный ресурс | |
| 610 | 1 | |a математика | |
| 610 | 1 | |a математическое моделирование | |
| 610 | 1 | |a анализ | |
| 610 | 1 | |a математические методы | |
| 610 | 1 | |a математическая логика | |
| 610 | 1 | |a вычислительная математика | |
| 610 | 1 | |a дифференциальные уравнения | |
| 675 | |a 501(063) |v 3 | ||
| 801 | 2 | |a RU |b 63413507 |c 20200923 |g RCR | |
| 856 | 4 | |u http://earchive.tpu.ru/handle/11683/62522 | |
| 942 | |c BK | ||